01537 a2200193 45000010006000000050017000060080041000230030015000640400040000790800053001192450046001720200018002182640029002363000019002655050935002840410008012191000017012278560099012445299020260407155804.0260407a1985 arg spa dAR-UNSa-BCEJYS aAR-UNSa-BCEJYSbspacAR-UNSa-BCEJYS a165xTeoría del conocimiento. Epistemología 10aEpistemologíapcurso de actualización a84-344-8004-2 1aBarcelona :bArielc1985 a275 p.c21 cm. aI. Introducción: 1. ¿Qué es y para qué sirve la epistemología? - 2. ¿Qué es y a qué puede aplicarse el método científico? - II. Filosofía de las ciencias formales: 3. Naturaleza de los objetos conceptuales - 4.¿Qué es una proposición? - III.Filosofía de la Física: 5. Referencia y contenido de una teoría Física - 6. Problemas filosóficos de la mecánica cuántica - IV. Filosofía de la Biología: 7. El concepto de organismo - 8. Biofilosofía - V. Filosofía de la Psicología: 9. Psicología y Filosofía - 10. El enfoque psicobiológico - VI. Filosofía de las ciencias sociales: 11. Examen filosófico del vocabulario sociológico - 12. Tres concepciones de la sociedad - VII. Filosofía de la Tecnología: 13. Tecnología y Filosofía - 14. Iatrofilosofía - VIII. Moralejas: 15. Tres politícas de desarrollo cientifíco - 16. Carta a una aprendiza de epistemóloga aspa1 aBunge, Mario41uhttps://www.biblioeco.unsa.edu.ar/pmb/images/libros/L128365.jpgyImagen de portadaqimage/jpeg